书目信息 |
| 题名: |
梯度折射率介质内热辐射传递的数值模拟
|
|
| 作者: | 谈和平 , 刘林华 著 | |
| 分册: | ||
| 出版信息: | 北京 科学出版社 2006.06 |
|
| 页数: | 147页 | |
| 开本: | 21cm | |
| 丛书名: | ||
| 单 册: | ||
| 中图分类: | O435.1 | |
| 科图分类: | ||
| 主题词: | 光学 | |
| 电子资源: | ||
| ISBN: | 7-03-017216-7 | |
| 000 | 00693 nam 000229 | |
| 001 | 0100002175 | |
| 005 | 20070902111625.23 | |
| 010 | @a7-03-017216-7@dCNY20.00 | |
| 100 | @a20070807d2006 em y0chiy0121 ea | |
| 101 | @achi | |
| 102 | @aCN@b110000 | |
| 105 | @ay z 000yy | |
| 200 | 10 | @a梯度折射率介质内热辐射传递的数值模拟@9ti du she she lv jie zhi na re fu she chuan di de shu zhi mo ni@f刘林华,谈和平著@Fliu lin hua , tan he ping zhu |
| 210 | @a北京@c科学出版社@d2006.06 | |
| 215 | @a147页@d21cm | |
| 606 | @a光学 | |
| 690 | @aO435.1@v4 | |
| 701 | 1 | @a谈和平@9tan he ping@4著 |
| 701 | 0 | @a刘林华@9liu lin hua@4著 |
| 801 | @aCN@c20070902 | |
| 901 | @a000003 | |
| 905 | @dO435.1@eL640 | |
| 梯度折射率介质内热辐射传递的数值模拟/刘林华,谈和平著.-北京:科学出版社,2006.06 |
| 147页;21cm |
| ISBN 7-03-017216-7:CNY20.00 |
| ● |
| 相关链接 |
|
|
|
正题名:梯度折射率介质内热辐射传递的数值模拟
索取号:O435.1/L640
 
预约/预借
| 序号 | 登录号 | 条形码 | 馆藏地/架位号 | 状态 | 备注 |
| 1 | 644720 | 206447200 | 自科库401/401自科库 58排2列1层/ [索取号:O435.1/L640] | 在馆 | |
| 2 | 644721 | 206447219 | 自科库401/401自科库 58排2列1层/ [索取号:O435.1/L640] | 在馆 | |
| 3 | 644722 | 206447228 | 自科库401/401自科库 58排2列1层/ [索取号:O435.1/L640] | 在馆 |